| 000 | 00000nam##2200000za#4500 |
| 001 | 9.639619 |
| 003 | CaOODSP |
| 005 | 20240314152355 |
| 007 | cr ||||||||||| |
| 008 | 150407|2010||||xxc|||||o f|0| 0 fre|d |
| 020 | |a978-1-100-98554-1 |
| 040 | |aCaOODSP|bfre |
| 043 | |an-cn--- |
| 086 | 1 |aPS4-101/2010F-PDF |
| 110 | 1 |aCanada. |bSécurité publique Canada. |
| 245 | 10|aLes unités intégrées contre le crime organisé : |h[ressource électronique]|brapport d'analyse / |
| 260 | |aOttawa - Ontario : |bSécurité publique Canada |c2010. |
| 300 | |a44p.|bréférences |
| 500 | |a«Rapport n° 008, 2010»--p.1 de 44. - Incorrect ISBN (978-1-100-98554-4) copied in this publication. |
| 590 | |a12-06-Supp|b2012-03-07 |
| 720 | 1 |aLinden, Rick |
| 720 | 1 |aChorney, Brenda |
| 720 | 1 |aGunn, Rita |
| 775 | 08|tOrganized crime integrated units : |w(CaOODSP)9.695482 |
| 856 | 40|ahttp://publications.gc.ca|qPDF|s489 Ko|uhttps://publications.gc.ca/collections/collection_2012/sp-ps/PS4-101-2010-fra.pdf |